Inyección electrónica en motores diesel
Furkejuvvon:
| Váldodahkki: | |
|---|---|
| Materiálatiipa: | Girji |
| Giella: | espánnjágiella |
| Almmustuhtton: |
Ciudad de México
Alfaomega
1997
|
| Ráidu: | Colección Manuales de Automoción
|
| Fáttát: | |
| Fáddágilkorat: |
Lasit fáddágilkoriid
Eai fáddágilkorat, Lasit vuosttaš fáddágilkora!
|
MARC
| LEADER | 00000nam a2200000 a 4500 | ||
|---|---|---|---|
| 001 | UCP6032 | ||
| 003 | CL-VaPUC | ||
| 008 | 991008e19970000MX |||||||||||||||||spa|d | ||
| 020 | |a 9701502396 | ||
| 082 | 0 | 4 | |a 629.250 |b MAR |2 21 |
| 100 | |a Martí Parera, Albert |e autor |9 465440 | ||
| 245 | 1 | 0 | |a Inyección electrónica en motores diesel |
| 300 | |a 149 p | ||
| 942 | |c BK | ||
| 945 | |d 19991008 00:00:00 |a rbrito | ||
| 260 | |a Ciudad de México |b Alfaomega |c 1997 | ||
| 650 | 0 | |a Motores Diésel |9 271572 | |
| 650 | 7 | |a COMBUSTION INTERNA |2 CL-VaPUC |9 391535 | |
| 650 | 7 | |a COMBUSTIBLE |2 CL-VaPUC |9 358417 | |
| 650 | 7 | |a SISTEMA DE INYECCION |2 CL-VaPUC |9 434816 | |
| 650 | 7 | |a BOMBAS DE INYECCION |2 CL-VaPUC |9 345180 | |
| 583 | |a last modification |c 19991008 00:00:00 |k Rodrigo Vera | ||
| 490 | 0 | |a Colección Manuales de Automoción | |
| 999 | |c 283663 |d 283661 | ||
| 952 | |0 0 |1 0 |4 0 |6 629_250000000000000_MAR_1997 |7 0 |8 A |9 327013 |a BIBMEC |b BIBMEC |d 2019-11-20 |i 3777677 |o 629.250 MAR 1997 |p 3777677 |r 2019-11-20 |w 2019-11-20 |y BK |k MEC | ||
| 952 | |0 0 |1 0 |4 0 |6 629_250000000000000_MAR_1997 |7 0 |8 A |9 327014 |a BIBING |b BIBING |d 2019-11-20 |i 4299736 |o 629.250 MAR 1997 |p 4299736 |r 2025-01-20 |w 2019-11-20 |y BK |k EIE | ||